NYCFC current squad - Statistics

General Stats
  • This quiz has been taken 17 times
  • The average score is 15 of 25
Answer Stats
Number Player % Correct
10 Maxi Moralez
100%
43 Talles Magno
91%
11 Valentin Castellanos
91%
55 Keaton Parks
82%
24 Tayvon Gray
82%
80 Justin Haak
73%
4 Maxime Chanot
73%
20 Santiago Rodriguez
73%
6 Alexander Callens
64%
7 Alfredo Morales
64%
3 Anton Tinnerholm
64%
9 Héber
64%
13 Luis Barraza
64%
1 Sean Johnson
64%
8 Thiago Andrade
64%
5 Thiago Martins
64%
25 Cody Mizell
55%
26 Nicolas Acevedo
55%
23 Gedion Zelalem
45%
12 Malte Amundsen
45%
32 Vuk Latinovich
45%
21 Andres Jasson
36%
18 Christian McFarlane
18%
33 Nico Benalcazar
18%
2 Chris Golster
9%
No matching quizzes found
Score Distribution
Percent of People with Each Score
Percentile by Number Answered
Your Score History
You have not taken this quiz